000 01058cam a2200181 4500
001 WB3925-07
008 030702n2003 000 0 eng u
035 _a(Sirsi) u122886
245 _aSlowdown sustained into summer
260 _c2003
490 _aNationwide Quarterly Review
_vJune 2003 (2)
520 _aFigures from Nationwide's latest quarterly and monthly reviews of house prices show that prices across the UK rose by 0.9% in June 2003 compared with an average rise of 1.1% over the previous three months. In London price growth slowed sharply with annual house price inflation falling to 15% in the second quarter. In comparison, northeast England and Yorkshire and Humberside saw 30% plus annual inflation rates. Nationwide's house price forecast for 2003 remains unchanged at 10%. Quarterly and monthly figures available at www.nationwide.co.uk/hpi/quarterly/quarterly.htm.
590 _aWB
650 _aHOUSE PRICES
650 _aHOUSE PRICE INDICES
690 _aPROPERTY-RESIDENTIAL PROPERTY-RESIDENTIAL PROPERTY MARKET
942 _n0
999 _c72984
_d72984